| 000 | 00746nam a2200229Ka 4500 | ||
|---|---|---|---|
| 001 | 35633 | ||
| 003 | BD-RjUL | ||
| 005 | 20211209052345.0 | ||
| 008 | 140528s1919 ii o 000 0deng d | ||
| 035 | _a(OCoLC)ocn646936407 | ||
| 035 |
_a(OCoLC)646936407 _a(BD-RjUL)35728 |
||
| 040 |
_aOCLCE _beng _cOCLCE _dBD-RjUL |
||
| 041 | _aeng | ||
| 082 | 0 | 4 |
_a917.303 _bDAM 1919 |
| 100 | 1 |
_aDay, Rash Behari. _9108487 |
|
| 245 | 1 | 0 |
_aMy days with Uncle Sam / _cby Rash Behari Day. |
| 260 |
_aItalla, Kuti, Tipperah, Bengal, India : _bPublished by the author, _c1919. _e(Dacca : _fS.A. Gunny) |
||
| 300 |
_aiv, 256 p. ; _c19 cm. |
||
| 600 | 1 | 0 |
_aDay, Rash Behari _xTravel. _9108489 |
| 651 | 0 |
_aUnited States _xDescription and travel. _961957 |
|
| 942 |
_2ddc _cBK |
||
| 999 |
_c35633 _d35633 |
||